| 000 | 00545nam a22002057a 4500 | ||
|---|---|---|---|
| 003 | OSt | ||
| 005 | 20220707032036.0 | ||
| 008 | 151104b xxu||||| |||| 00| 0 eng d | ||
| 020 | _a97818487106 | ||
| 040 |
_cMMU _aMMU _beng _dMMU |
||
| 050 | _aBT 800.C6 1965 | ||
| 245 |
_aRepentance/ _cJohn Colquhoun. |
||
| 260 |
_aEngland : _bBanner of Trust, _c1965. |
||
| 300 | _axi,199 p. : | ||
| 500 | _aIncludes index | ||
| 500 | _aIncludes index | ||
| 650 | _a_Repentance | ||
| 942 |
_2lcc _cLOAN LOAN |
||
| 980 | _a^d20141022 02:59:14^omwanik | ||
| 999 |
_c15644 _d15644 |
||